000 00951nam a22002177a 4500
999 _c17983
_d17983
005 20251125232902.0
008 s2534 th tha d
040 _aNALT
041 _atha
245 1 0 _aคู่มือกฎหมายเพื่อประชาชน กฎหมายว่าด้วยการละเมิด อาวุธปืน บัตรประจำตัวประชาชน พรบ.โรงงาน
260 3 _aกรุงเทพฯ :
_bมูลนิธิทองใบ ทองเปาด์,
_c2534
300 _a29 หน้า ;
_b 21 ซม.
650 0 4 _aบัตรประชาชน
650 0 4 _aปืน
650 0 4 _aละเมิด
850 _aNALT
856 4 0 _uhttps://hdl.handle.net/20.500.14156/302426
_71
942 _cLB
_2lcc
_01
998 _j25
_k นีลวัสน์ อินทรักษา
090 _aKS44.3 ท278ค 2534